| 000 | 00824nam a2200241 a 4500 | ||
|---|---|---|---|
| 999 |
_c1798 _d1798 |
||
| 001 | 1798 | ||
| 003 | BD-JhCC | ||
| 005 | 20181026134006.0 | ||
| 008 | 171024s2012 bg a|||| ||a| 000 0 mul d | ||
| 020 | _a9789848941027 | ||
| 035 | _a(BD-JhCC)1798 | ||
| 040 |
_aBD-JhCC _dBD-JhCC |
||
| 041 | _amul | ||
| 082 |
_a510 _bADR 2012 |
||
| 100 | _aঅ্যাড্রিয়ান, ওয়াই ই ও | ||
| 245 |
_a১০০১ ম্যাথ ফর্মূলা / _cওয়াই ই ও অ্যাড্রিয়ান; আবুল বাসার (রূপান্তর) |
||
| 260 |
_aঢাকা : _bঅধুনা প্রকাশন, _c2012. |
||
| 300 |
_a187p. : _billu; _c22 cm. |
||
| 650 | _aMathematices | ||
| 700 | _aবাসার, আবুল | ||
| 942 |
_2ddc _cBK _03 |
||